The adventures of Polo / (Record no. 6768)
[ view plain ]
| 000 -LEADER | |
|---|---|
| fixed length control field | 01076cam a2200325 a 4500 |
| 001 - CONTROL NUMBER | |
| control field | 6768 |
| 003 - CONTROL NUMBER IDENTIFIER | |
| control field | FISKH |
| 005 - DATE AND TIME OF LATEST TRANSACTION | |
| control field | 20250828111848.0 |
| 008 - FIXED-LENGTH DATA ELEMENTS--GENERAL INFORMATION | |
| fixed length control field | 051031s2006 ctua b 000 1 eng |
| 010 ## - LIBRARY OF CONGRESS CONTROL NUMBER | |
| LC control number | 2005055261 |
| 020 ## - INTERNATIONAL STANDARD BOOK NUMBER | |
| International Standard Book Number | 9781596431607 |
| 020 ## - INTERNATIONAL STANDARD BOOK NUMBER | |
| International Standard Book Number | 1596431601 |
| 040 ## - CATALOGING SOURCE | |
| Original cataloging agency | DLC |
| Transcribing agency | DLC |
| Modifying agency | DLC |
| Language of cataloging | eng |
| 050 ## - LIBRARY OF CONGRESS CALL NUMBER | |
| Classification number | PZ7.F1958 A |
| 082 ## - DEWEY DECIMAL CLASSIFICATION NUMBER | |
| Classification number | 741.594 |
| 100 1# - MAIN ENTRY--PERSONAL NAME | |
| Personal name | Faller, Régis. |
| 245 14 - TITLE STATEMENT | |
| Title | The adventures of Polo / |
| Statement of responsibility, etc. | Regis Faller. |
| 260 ## - PUBLICATION, DISTRIBUTION, ETC. | |
| Place of publication, distribution, etc. | New York : |
| Name of publisher, distributor, etc. | Roaring Brook, |
| Date of publication, distribution, etc. | 2006. |
| 300 ## - PHYSICAL DESCRIPTION | |
| Extent | 75 pages : |
| Other physical details | color illustrations ; |
| Dimensions | 28 cm |
| 505 ## - FORMATTED CONTENTS NOTE | |
| Formatted contents note | C<br/> |
| 520 ## - SUMMARY, ETC. | |
| Summary, etc. | Polo the dog sets out from his home and enjoys many adventures, including sailing his boat on top of a whale, roasting hot dogs over a volcano, and taking a ride in a spaceship built from a mushroom. |
| 521 8# - TARGET AUDIENCE NOTE | |
| Target audience note | 100<br/> |
| Source | Lexile estimate <br/> |
| 521 8# - TARGET AUDIENCE NOTE | |
| Target audience note | C<br/> |
| Source | Raz-Plus<br/> |
| 650 #1 - SUBJECT ADDED ENTRY--TOPICAL TERM | |
| Topical term or geographic name entry element | Dogs |
| Form subdivision | Fiction. |
| 650 #1 - SUBJECT ADDED ENTRY--TOPICAL TERM | |
| Topical term or geographic name entry element | Adventure and adventurers |
| Form subdivision | Fiction. |
| 650 #1 - SUBJECT ADDED ENTRY--TOPICAL TERM | |
| Topical term or geographic name entry element | Stories without words. |
| 906 ## - LOCAL DATA ELEMENT F, LDF (RLIN) | |
| a | 7 |
| b | cbc |
| c | orignew |
| d | 1 |
| e | ocip |
| f | 20 |
| g | y-gencatlg |
| 942 ## - ADDED ENTRY ELEMENTS (KOHA) | |
| Source of classification or shelving scheme | Dewey Decimal Classification |
| Koha item type | Books |
| Suppress in OPAC | No |
| Withdrawn status | Lost status | Source of classification or shelving scheme | Damaged status | Not for loan | Collection | Home library | Current library | Shelving location | Date acquired | Total Checkouts | Full call number | Barcode | Date due | Date last seen | Date last checked out | Copy number | Price effective from | Koha item type |
|---|---|---|---|---|---|---|---|---|---|---|---|---|---|---|---|---|---|---|
| Dewey Decimal Classification | Juvenile Fiction | Footprints International School Library Network Toul Kork Campus | Footprints International School Library Network Toul Kork Campus | A TK Campus, Comic Books (All Reading Levels), B401 Bookcase 1/2, Shelf 3 | 05/27/2025 | 1 | FAL 741.594 PZ7.F1958 A | FISTK05122 | 03/26/2026 | 03/12/2026 | 03/12/2026 | 1 | 05/27/2025 | Books | ||||
| Dewey Decimal Classification | Juvenile Fiction | Footprints International School Library Network Toul Tom Poung Campus | Footprints International School Library Network Toul Tom Poung Campus | TTP Comic Books all Levels | 08/28/2025 | FAL 741.594 PZ7.F1958 A | FIS03674 | 08/28/2025 | 2 | 08/28/2025 | Books |
